| Tag |
First Indicator |
Second Indicator |
Subfields |
| LEADER |
00000cam a2200000 4500 |
| 001 |
in00000271521 |
| 005 |
20151010070455.0 |
| 008 |
770421s1949 enk b 00010beng d |
| 035 |
|
|
|a (OCoLC)02906055
|
| 035 |
|
|
|9 ABE5560AM
|
| 040 |
|
|
|a AKR
|c AKR
|d TXA
|d UtOrBLW
|
| 049 |
|
|
|a TXAM
|c [253901]
|
| 090 |
|
|
|a BF173
|b .F85 1949
|
| 100 |
1 |
|
|a Puner, Helen W.
|q (Helen Walker),
|d 1915-1989.
|
| 245 |
1 |
0 |
|a Freud: his life and his mind ;
|b a biography.
|
| 264 |
|
1 |
|a [London] :
|b Grey Walls Press,
|c [1949]
|
| 300 |
|
|
|a 264 pages
|
| 336 |
|
|
|a text
|b txt
|2 rdacontent
|
| 337 |
|
|
|a unmediated
|b n
|2 rdamedia
|
| 338 |
|
|
|a volume
|b nc
|2 rdacarrier
|
| 600 |
1 |
0 |
|a Freud, Sigmund,
|d 1856-1939.
|
| 999 |
|
|
|a MARS
|
| 999 |
f |
f |
|s b43f9749-9fc6-3491-89c0-d00cf5a833f2
|i 48497fe9-215b-38cf-8102-c33bb253c84f
|t 0
|
| 952 |
f |
f |
|p ric
|a Texas A&M University
|b Rellis Campus
|c Joint Library Facility
|d Remote Storage
|t 0
|e BF173 .F85 1949
|h Library of Congress classification
|i unmediated -- volume
|m A14801665868
|
| 998 |
f |
f |
|a BF173 .F85 1949
|t 0
|l Remote Storage
|